000 00504nam a2200181Ia 4500
008 090123s9999 xx 000 0 und d
082 _b39786
100 _aपाचारणे साईनाथ
245 _aनायक
250 _a1
260 _bशिवम प्रकाशन
_c2006
300 _a127
600 _aपाचारणे साईनाथ
630 _aनायक
700 _aपाचारणे साईनाथ
730 _aनायक
942 _cBOOK
999 _c77858
_d77858